03218cam a2200289 i 450000500170000000800410001702000180005802000180007602000180009402000150011202000160012703500390014304000440018204100080022610000300023424501080026426000780037230000440045050400530049450509200054752013160146765000380278365000250282165000220284665000190286865000410288720180312143027.0151209s2014 xxuab frb 001 0 eng d a9780226117911 a9780226118079 a9780226118109 a022611807X z022611791X  a(OCoLC)856861452z(OCoLC)882563512 aCo-BoUCMbspacSaul NiñodSaul Niño0 aeng1 aChazdon, Robin Leed1957-10aSecond growthbthe promise of tropical forest regeneration in an age of deforestationcRobin L. Chazdon aChicago (Illinois, Estados Unidos)bThe University of Chicago Pressc2014 axx, 449 páginasbilustraciones, mapas aIncluye referencias bibliográficas e índices0 aPerceptions of tropical forests and natural regeneration -- Ancient human legacies in tropical forest landscapes -- Landscape transformation and tropical forest regeneration through prehistory -- Tropical forest dynamics and disturbance regimes -- Successional pathways and forest transformations -- Tropical forest succession on newly created substrates -- Forest regeneration following agricultural land uses -- Forest regeneration following hurricanes and fires -- Forest regeneration following selective logging and land-use synergisms -- Functional traits and community assembly during secondary succession -- Recovery of ecosystem functions during forest regeneration -- Animal diversity and plant-animal interactions in regenerating forests -- Tropical reforestation pathways -- Regenerating forests in tropical landscapes -- Synthesis: The promise of tropical forest regeneration in an age of deforestation. a"For decades, conservation and research initiatives in tropical forests have focused almost exclusively on old-growth forests because scientists believed that these 'pristine' ecosystems housed superior levels of biodiversity. With Second Growth, Robin L. Chazdon reveals those assumptions to be largely false, bringing to the fore the previously overlooked counterpart to old-growth forest: second growth. Even as human activities result in extensive fragmentation and deforestation, tropical forests demonstrate a great capacity for natural and human-aided regeneration. Although these damaged landscapes can take centuries to regain the characteristics of old growth, Chazdon shows here that regenerating--or second-growth--forests are vital, dynamic reservoirs of biodiversity and environmental services. What is more, they always have been. With chapters on the roles these forests play in carbon and nutrient cycling, sustaining biodiversity, providing timber and non-timber products, and integrated agriculture, Second Growth not only offers a thorough and wide-ranging overview of successional and restoration pathways, but also underscores the need to conserve, and further study, regenerating tropical forests in an attempt to inspire a new age of local and global stewardship."--Publisher's Web site. 7aReforestación xInvestigaciones 7aEcología forestal  7aEcología 2fast 7aBiodiversidad  7aBosques tropicales xInvestigaciones